| 000 | 00647nam a2200229 a 4500 | ||
|---|---|---|---|
| 999 |
_c4344 _d4344 |
||
| 001 | 4344 | ||
| 003 | BD-JhCC | ||
| 005 | 20171126193842.0 | ||
| 008 | 171126s1992 bg |||| ||a| 000 0 ben d | ||
| 020 | _a9848116126x | ||
| 035 | _a(BD-JhCC) 4344 | ||
| 040 |
_aBD-JhCC _dBD-JhCC |
||
| 041 | _aben | ||
| 082 |
_a128.3 _bBAN 1992 |
||
| 245 |
_aবাঙালির দর্শন চিন্তা / _c ওয়াকিল আহমদ |
||
| 260 |
_aঢাকা : _bবইপত্র , _c1992 |
||
| 300 |
_a142 p .: _c22 cm . |
||
| 650 | _aPhilosophy | ||
| 700 | _aআহমদ, ওয়াকিল | ||
| 942 |
_2ddc _cBK |
||